00634 2200229 4500001002100000005001500021035002000036001002100056005001500077035002000092245007200112100001600184250001700200300002800217260003100245082001300276084002000289020002200309650001700331600001500348008004100363INLIS00000000000065220240827101833 a0010-0824000170INLIS00000000000003020240319083452 a0010-03240000301 aSeri Amalan Masuk Surga :bMenjaga Shalat Lima Waktu /cNurul Ikoma0 aNurul Ikoma acetakan ke-1 a32 hlm :bIlus ;c24 cm aSolo :bTiga Ananda,c2019 a297.3822 a297.3822 NUR s a978-623-206-078-4 4aReligi Islam 4aSains Anak240319 0